000 00702nam a22001937a 4500
008 160810b xxu||||| |||| 00| 0 eng d
020 _a9780814410769
082 _22009
_aDC 658.3
_bM91
100 _912614
_aMuller, Max
245 _aThe manager's guide to HR:
_bhiring, firing, performance evaluations, documentation, benefits, and everything else you need to know/
_cMax Muller.
260 _aNew York:
_bAMACOM SHRM,
_cc2009.
300 _a296 pages;
_c23 cm.
500 _aIncludes index.
650 0 _912615
_aPersonnel management
650 0 _912616
_aSupervision of employees
650 0 _912617
_aLabor laws and legislation
_zUnited States
365 _aPhp
_b1995.00
942 _2ddc
_cDC
999 _c3789
_d3789